Civil claims for pollution (Record no. 76283)

MARC details
000 -LEADER
fixed length control field 01508cab a2200253 4500
001 - CONTROL NUMBER
control field ##L131827
008 - FIXED-LENGTH DATA ELEMENTS--GENERAL INFORMATION
fixed length control field 051212n2005 000 0 eng u
035 ## - SYSTEM CONTROL NUMBER
System control number (Sirsi) u131827
041 0# - LANGUAGE CODE
Language code of text/sound track or separate title eng
100 1# - MAIN ENTRY--PERSONAL NAME
Personal name Barlow, Michael
245 00 - TITLE STATEMENT
Title Civil claims for pollution
260 ## - PUBLICATION, DISTRIBUTION, ETC.
Date of publication, distribution, etc. 2005
490 #0 - SERIES STATEMENT
Series statement Environment Information Bulletin
Volume/sequential designation (154) December 2005 8-10(3)
520 ## - SUMMARY, ETC.
Summary, etc. Examines the different steps required in making a civil claim for pollution. The law in England and Wales governing claims for contamination to land is based on a corpus of case law developed over many years. It can adapt to new situations but it can make it initially difficult to determine whether or not a specific claim is covered. Looks at the process of determining negligence, establishing nuisance including "Rylands v Fletcher", the prediction of what is and what is not a non-natural use of land, practical considerations and the European dimension. Concludes that because of the nature of the law relating to contamination claims it is extremely difficult to set out simple rules to be used in any situation.
590 ## - LOCAL NOTE (RLIN)
Local note IKA030106
650 24 - SUBJECT ADDED ENTRY--TOPICAL TERM
Topical term or geographic name entry element RYLANDS V FLETCHER
650 24 - SUBJECT ADDED ENTRY--TOPICAL TERM
Topical term or geographic name entry element GRAHAM & GRAHAM V RE-CHEM INTERNATIONAL LTD
650 24 - SUBJECT ADDED ENTRY--TOPICAL TERM
Topical term or geographic name entry element CAMBRIDGE WATER V EASTERN COUNTIES LEATHER PLC
650 24 - SUBJECT ADDED ENTRY--TOPICAL TERM
Topical term or geographic name entry element HUNTER V CANARY WHARF
650 24 - SUBJECT ADDED ENTRY--TOPICAL TERM
Topical term or geographic name entry element MCKENNA AND OTHERS V BRITISH ALUMINIUM LTD
650 24 - SUBJECT ADDED ENTRY--TOPICAL TERM
Topical term or geographic name entry element TRANSCO PLC V STOCKPORT MBC
690 24 - LOCAL SUBJECT ADDED ENTRY--TOPICAL TERM (OCLC, RLIN)
Topical term or geographic name as entry element PROPERTY-RURAL AND NATURAL ASSETS-LAND-CONTAMINATED LAND
942 ## - ADDED ENTRY ELEMENTS (KOHA)
Suppress in OPAC 0
Holdings
Withdrawn status Lost status Source of classification or shelving scheme Damaged status Not for loan Home library Current library Shelving location Date acquired Total Checkouts Full call number Barcode Date last seen Copy number Price effective from Koha item type
    Dewey Decimal Classification     London London Journal article 12/12/2005   L131827 131827-1001 06/08/2019 1 06/08/2019 Journal article